| 000 | 00527nam a22001937a 4500 | ||
|---|---|---|---|
| 003 | OSt | ||
| 005 | 20260612115821.0 | ||
| 008 | 260612b |||||||| |||| 00| 0 eng d | ||
| 020 | _a9780807747971 | ||
| 040 | _cChuka university library | ||
| 050 |
_aLB 1025.3 _b.L6 2007 |
||
| 100 |
_aLobman, Carrie _928906 |
||
| 245 | _aUnscripted Learning | ||
| 260 |
_aNew york _bTeaching college _c2007 |
||
| 300 |
_axvii 185 _bIllustrated |
||
| 650 |
_aeffective teaching _911612 |
||
| 650 |
_aimprovisation _928907 |
||
| 942 |
_2lcc _cBK _n0 |
||
| 999 |
_c24140 _d24140 |
||